Book illustration : A survey of its history & development shown by the work of various artists, together with critical comments

The history and development of book illustration as shown through the work of various artists

Đã lưu trong:
Sonraí Bibleagrafaíochta
Príomhúdar: Ellis, Richard Williamson
Formáid: Leabhar
Teanga:Undetermined
Foilsithe: Kingsport, Tennessee Kingsport Press 1952
Ábhair:
Clibeanna: Cuir Clib Leis
Gan Chlibeanna, Bí ar an gcéad duine leis an taifead seo a chlibeáil!
Thư viện lưu trữ: Trung tâm Học liệu Trường Đại học Cần Thơ
LEADER 00753nam a2200205Ia 4500
001 CTU_220630
008 210402s9999 xx 000 0 und d
082 |a 741.64 
082 |b S839 
100 |a Ellis, Richard Williamson 
245 0 |a Book illustration : 
245 2 |b A survey of its history & development shown by the work of various artists, together with critical comments 
245 0 |c Richard Williamson Ellis 
260 |a Kingsport, Tennessee 
260 |b Kingsport Press 
260 |c 1952 
520 |a The history and development of book illustration as shown through the work of various artists 
650 |a Minh họa sách,Illustration of books 
904 |i Nguyên 
980 |a Trung tâm Học liệu Trường Đại học Cần Thơ